Multiple systems : complexity and coherence in ecosystems, collective behavior, and social systems / Gianfranco Minati, Maria Pietronilla Penna, editors. (Record no. 22254)

000 -LEADER
fixed length control field 01097nam a22002057a 4500
020 ## - INTERNATIONAL STANDARD BOOK NUMBER
ISBN 9783031446849
022 ## - INTERNATIONAL STANDARD SERIAL NUMBER
ISSN 2197716X
082 ## - DEWEY DECIMAL CLASSIFICATION NUMBER
Classification number 303.6
Item number M663 2024
245 ## - TITLE STATEMENT
Title Multiple systems : complexity and coherence in ecosystems, collective behavior, and social systems / Gianfranco Minati, Maria Pietronilla Penna, editors.
250 ## - EDITION STATEMENT
Edition statement First edition.
260 ## - PUBLICATION, DISTRIBUTION, ETC. (IMPRINT)
Place of publication Cham, Switzerland :
Name of publisher Springer Nature Switzerland AG,
Year of publication c2024
300 ## - PHYSICAL DESCRIPTION
Number of Pages 1 online resource, xvii, 234 pages :
Other physical details Illustration (some color).
490 ## - SERIES STATEMENT
Series statement Contributions to management science
500 ## - GENERAL NOTE
General note Includes bibliographical references and index.
520 ## - SUMMARY, ETC.
Summary, etc The book explores the concept of “multiple systems” in the context of complex systems such as ecosystems, social systems, and collective behaviors. Instead of viewing systems as fixed and stable, it emphasizes that systems are dynamic, interconnected, and constantly changing.
650 ## - SUBJECT ADDED ENTRY--TOPICAL TERM
Topical Term Complex systems -- Interdisciplinary studies.
700 ## - ADDED ENTRY--PERSONAL NAME
Personal name Minati, Gianfranco, editor.
700 ## - ADDED ENTRY--PERSONAL NAME
Personal name Penna, Maria Pietronilla, editor.
942 ## - ADDED ENTRY ELEMENTS (KOHA)
Koha item type Electronic Books
Holdings
Source of acquisition Permanent Location Date acquired Collection code Koha item type Lost status Shelving location Withdrawn status Current Location Full call number
DonationCagayan State University - Carig Library2026-04-14E-BooksElectronic Books E-Resource Section Cagayan State University - Carig Library303.6 M663 2024

Cagayan State University University Library, Carig Campus
Tuguegarao City, Cagayan 3500 | www.csucarig.edu.ph

Powered by Koha